[Event "ISR-chT"]
[Site "Israel"]
[Date "1997.??.??"]
[Round "6"]
[White "Psakhis, Lev"]
[Black "Finkel, Alexander"]
[Result "1/2-1/2"]
[WhiteElo "2615"]
[BlackElo "2505"]
[Annotator "Finkel,A"]
[PlyCount "41"]
[EventDate "1997.??.??"]
[EventType "team"]
[EventRounds "11"]
[EventCountry "ISR"]
[SourceTitle "CBM 059"]
[Source "ChessBase"]
[SourceDate "1997.08.01"]
[SourceVersion "1"]
[SourceVersionDate "1997.08.01"]
[SourceQuality "1"]

1. d4 Nf6 2. c4 g6 3. Nc3 d5 4. Nf3 Bg7 5. Qb3 dxc4 6. Qxc4 O-O 7. e4 c6 8. Be2
b5 9. Qb3 Qa5 10. Bd2 (10. O-O $6 b4 11. e5 bxc3 12. exf6 Bxf6 13. bxc3 Ba6 (
13... Be6 $6 14. c4 Nd7 15. Bd2 Qc7 16. Rac1 $14 {Alatortsev,V-Liliental,A/
Leningrad URS ch 1947 (40)}) 14. Re1 (14. Bxa6 Nxa6 15. Bf4 c5 $11 16. Rab1
cxd4 17. cxd4 Nc7 18. Rfc1 Ne6 19. Be3 Rfd8 20. Rc4 Rd7 {1/2-1/2 Najdorf,
M-Flohr,S/Saltsjobaden izt 1948}) 14... Bxe2 15. Rxe2 Nd7 16. Bf4 Qf5 17. Bg3
c5 $11) (10. e5 Be6 11. Qd1 $5 (11. Qc2 Nd5 (11... b4 $6 12. Qa4 Qxa4 13. Nxa4
Nd5 14. Bd2 f6 15. Nc5 Bg4 16. h3 Bxf3 17. Bxf3 $14 {Vladimirov,B-Liberzon,V/
Moscow 1963 (39)}) 12. Bd2 Qb6 13. O-O Nd7 14. a4 Rfd8 15. Rfc1 a6 $13 {
Karolyi,T-Pribyl,J/Debrecen 1987 (40)}) 11... Ne4 12. Qc2 Bf5 13. Bd3 Nxc3 14.
bxc3 Bxd3 15. Qxd3 c5 16. O-O $13 {Sapi,L-Honfi,K/Budapest HUN ch 1964 (31)})
10... b4 11. Na4 (11. e5 bxc3 12. Bxc3 Qd5 13. exf6 Bxf6 14. O-O Ba6 15. Bxa6
Nxa6 $11 16. Qb7 $6 Qb5 17. Qxb5 cxb5 18. Ba5 e6 $15 {Pirc,V-Bronstein,D/
Saltsjobaden izt 1948/0-1 (58)}) 11... Nxe4 12. Bxb4 Qd8 (12... Qc7 13. O-O (
13. Rc1 $2 Na6 14. d5 Nxb4 15. Qxb4 Qf4 $1 16. Rxc6 Bg4 $1 17. Nc5 Qc1+ 18. Bd1
Bxf3 19. gxf3 Bc3+ $1 {0-1 Weiser,J-Bosak,Z/corr CSSR (FS-63/75) 1961}) 13...
Na6 14. Ba3 (14. Bxa6 Bxa6 15. Rfe1 Nd6 16. Rac1 Rab8 17. Ne5 (17. Qc3 $5 Nf5
18. Nc5 Bc8 19. b3 $14 {Petrosian,T-Bronstein,L/Rio de Janeiro izt 1979 (27)})
17... Bb5 18. Nc5 Nf5 19. Bc3 Qd6 20. a4 Ba6 21. Qa3 Bc8 22. Ncd3 $13 {
Portisch,L-Hort,V/Kecskemet 1966 (34)}) 14... Rb8 15. Qc2 Nd6 16. Rac1 (16. Nc3
Qa5 17. Ne5 Nf5 $5 18. Nxc6 Nxd4 19. Nxd4 Bxd4 20. Bxe7 Re8 21. Bh4 Bg7 22. Bf3
Bf5 $44 {Simagin,V-Honfi,K/Kecskemet 1966 (42)}) 16... Bh6 17. Rcd1 Nb5 (17...
Bf5 18. Bd3 Bxd3 19. Rxd3 Nb4 20. Bxb4 Rxb4 21. a3 Rc4 $13 {Forintos,G-Larsen,
B/Monte Carlo 1967/1/2-1/2 (60)}) 18. Rfe1 Nxa3 19. bxa3 Qd6 $6 20. Ne5 $16 {
Forintos,G-Haag,E/Magyarorszag 1966 (28)}) (12... Qf5 $5 13. O-O Be6 14. Qa3
Bd5 15. Rae1 Nd7 16. Bxe7 Rfe8 $44 {Beck,M-Neubert,G/cr 1971 (29)}) 13. O-O Be6
(13... a5 $5 14. Ba3 Na6 15. Rac1 Be6 16. Bc4 Bd5 $5 17. Bxd5 cxd5 18. Nb6 $14
{Flohr,S-Lilienthal,A/Parnu 1947/1/2-1/2 (57)}) 14. Qc2 $6 (14. Qe3 $5 Nd6 15.
Rfd1 Nd7 16. Nc5 Bd5 17. Rac1 Nxc5 18. Bxc5 a5 19. Ne5 $14 {Florian
Tibor-Bronstein David/Match, Budapest (Hungary) 1949/1-0 (110)}) (14. Qa3 Re8
15. Rfd1 Nd7 16. Nc3 Nxc3 17. bxc3 a5 $11 {Bolbochan,J-Rossetto,H/ARG-ch m
1948 1/2-1/2 Johannsson,I-Malich,B/Halle (zt) 1963 (21)}) 14... Nd6 {Black's
plan is very simple:to put his knight on f5,bishop on d5 then to bring the
second knight into the game and all the opening problems are over.It sounds
very complicated,but in fact white can do nothing to prevent it} 15. Rfd1 Nf5 {
[%csl Rd4]} 16. Bc4 Bd5 $1 $11 17. Bxd5 cxd5 18. Rac1 Re8 $1 19. Qd3 e6 $15 20.
g3 $1 Nd7 (20... g5 21. g4 $1) 21. b3 1/2-1/2

[Event "RUS-ch"]
[Site "Krasnodar"]
[Date "2002.09.02"]
[Round "7"]
[White "Korotylev, Alexey"]
[Black "Timofeev, Artyom"]
[Result "1-0"]
[WhiteElo "2558"]
[BlackElo "2558"]
[Annotator "Ftacnik,L"]
[PlyCount "73"]
[EventDate "2002.08.27"]
[EventType "swiss"]
[EventRounds "9"]
[EventCountry "RUS"]
[SourceTitle "CBM 091"]
[Source "ChessBase"]
[SourceDate "2002.11.12"]
[SourceVersion "1"]
[SourceVersionDate "2002.11.12"]
[SourceQuality "1"]

1. d4 Nf6 2. c4 g6 3. Nc3 d5 4. Nf3 Bg7 5. Qb3 dxc4 6. Qxc4 O-O 7. e4 a6 8. e5
b5 9. Qb3 Nfd7 10. e6 fxe6 11. Be3 Nb6 12. h4 Nc6 13. h5 Rxf3 14. gxf3 Nxd4 15.
Rd1 $1 (15. Bxd4 Qxd4 16. hxg6 Nd5 (16... hxg6 17. Qc2 Bb7 18. Bh3 Qf6 19. Rg1
Kf7 20. O-O-O Rh8 21. Rg3 Bh6+ 22. Kb1 Bf4 23. Rdg1 Bxg3 24. Rxg3 Nc4 25. Ne4
Bxe4 26. fxe4 Qe5 {0-1 Giorgadze,G-Bagirov,R/Batumi 1999/ (42)}) 17. Nxd5 exd5
18. Rd1 Qe5+ 19. Qe3 Qxb2 20. Bh3 Qc3+ 21. Qxc3 Bxc3+ 22. Ke2 hxg6 23. Rxd5
Bxh3 24. Rxh3 Bb4 {1/2-1/2 Epishin,V-Fercec,N/Nova Gorica 2002/ (40)}) 15... c5
16. hxg6 h6 17. Bxd4 cxd4 18. Rh5 Qe8 19. Ne2 Qxg6 20. Rh1 Bb7 {[%mdl 4] The
whole opening line is very interesting, but both players must be tactically
very careful.} (20... Kh8 21. Rg1 Qf7 22. Nxd4 Nd5 23. Qd3 Bd7 24. Qe4 Rc8 25.
Bd3 Nf6 26. Qh4 {1-0 Kasparov,G-Svidler,P/Wijk aan Zee 1999/ (31)}) (20... Qf7
21. Nxd4 e5 22. Nc6 Qxb3 23. axb3 Kf7 24. Nd8+ Kf6 25. Bh3 Bf8 26. Rc1 Bxh3 27.
Rc6+ e6 28. Rxh3 Rxd8 29. Rxb6 Rd3 30. Rb8 Kf7 31. Rb7+ Kf6 32. Rb8 {1/2-1/2
Taleb,M-Khachian,M/Abudhabi 2000/ (32)}) 21. Rg1 Qf6 22. Rxd4 h5 (22... Qxf3 $2
23. Qxe6+ Kh8 24. Rxg7 Kxg7 25. Rg4+ $18) (22... Bxf3 23. Rf4 Bd5 24. Rxf6 Bxb3
25. Rfg6 $18) 23. f4 Rc8 (23... Bd5 24. Qh3 Bxa2 25. b3 Kf8 26. Rd2 Qa1+ 27.
Rd1 Qb2 28. Rg3 $16) 24. Bg2 (24. Rg5 Bd5 25. Qe3 Bxa2 26. Rxh5 $16) 24... Bxg2
25. Rxg2 Kf7 26. Qd3 (26. Qf3 Rc5 27. Qb7 Nd5 28. Qxa6 Rc2 $11) 26... Nc4 (
26... Qf5 27. Rg5 Qxd3 28. Rxd3 $14) 27. Re4 $6 (27. Rg5 Nxb2 28. Qf3 Rh8 29.
Rxh5 $14) 27... Nxb2 (27... Qxb2 $1 28. f3 Qxa2 $17) 28. Qd7 Rc4 $2 {Timofeev
was hoping to defend in a great style, but his claculations had a serious flaw.
} (28... Nc4 $1 29. Nd4 Nd6 30. Rxe6 Qxd4 31. Qxe7+ Kg8 32. Qxd6 Rc1+ 33. Ke2
Rc2+ 34. Kf1 Rc1+ 35. Ke2 $11) 29. Rxe6 Nd3+ (29... Qxe6 30. Rxg7+ Kxg7 31.
Qxe6 $18) 30. Kd2 (30. Qxd3 Qxe6 31. Qh7 Qf6 32. Qxh5+ Kf8 $17) 30... Qb2+ 31.
Ke3 (31. Kxd3 Qa3+ 32. Kd2 Qxa2+ 33. Ke3 Qa3+ 34. Qd3 Qxd3+ (34... Bd4+ 35.
Nxd4 Rc3 36. Qxc3 Qxc3+ 37. Ke4 Qe1+ 38. Kd5 Qh1 39. Reg6 $18) 35. Kxd3 Kxe6
36. Rxg7 Kf6 37. Rh7 $16) 31... Bd4+ (31... Qxe2+ 32. Kxe2 Nxf4+ 33. Kf3 Nxe6
34. Qd5 Kf6 35. Qxh5 $18) 32. Kf3 $2 {White would win the endgame of the rook
against the knight after 32.Nxd4!} (32. Nxd4 $1 Qxd4+ 33. Qxd4 Rxd4 34. Kxd4
Nxf4 35. Rxa6 Nxg2 36. Rb6 h4 37. Rxb5 $18) 32... Ne1+ 33. Kg3 Bf6 $2 (33...
Qa3+ 34. Re3 (34. Kh2 Nf3+ 35. Kh1 (35. Kh3 Ng5+ 36. Kh2 Qh3+ 37. Kg1 Nxe6 $19)
35... Rc1+ 36. Ng1 Nxg1 37. Rxe7+ Qxe7 38. Qf5+ Bf6 39. Qg6+ Ke6 40. Qe4+ Kd6
$19) 34... Bxe3 35. Qf5+ Ke8 36. Qxh5+ Kd8 37. Qd5+ Kc7 38. Qe5+ Qd6 39. Qxd6+
Kxd6 40. fxe3 Nxg2 $19) 34. Qd5 $2 {The comedy of errors in a complex position
is pittyful rather than funny, after each move the value of the position turns
for 180 degrees.} (34. Rg1 $1 h4+ 35. Kg4 Qb1 36. Re3 $18) 34... Kf8 (34...
Nxg2 35. Kxg2 Kf8 $17) 35. Rg1 Nc2 (35... Qa3+ 36. Re3 Qb4 37. Kh3 $18) 36. Kh2
Rc8 (36... Bg7 37. Qd8+ Kf7 38. Rxe7+ Kf6 39. Re8+ Kf7 40. Qe7#) 37. Rxf6+ (37.
Rxf6+ exf6 38. Qe6 (38. Rg8+ Ke7 39. Rg7+ Kf8 40. Qg8#) 38... Qa3 39. Rg8#) 1-0

[Event "Leon"]
[Site "Leon"]
[Date "1992.??.??"]
[Round "1"]
[White "Gulko, Boris F"]
[Black "De la Villa Garcia, Jesus Maria"]
[Result "1/2-1/2"]
[WhiteElo "2560"]
[BlackElo "2450"]
[Annotator "Ftacnik,L"]
[PlyCount "39"]
[EventDate "1992.04.??"]
[EventType "tourn"]
[EventRounds "9"]
[EventCountry "ESP"]
[EventCategory "11"]
[SourceTitle "CBM 031"]
[Source "ChessBase"]
[SourceDate "1992.12.01"]
[SourceVersion "1"]
[SourceVersionDate "1992.12.01"]
[SourceQuality "1"]

1. d4 Nf6 2. Nf3 g6 3. c4 Bg7 4. Nc3 d5 5. Qb3 dxc4 6. Qxc4 O-O 7. e4 a6 8. Be2
b5 9. Qb3 c5 10. dxc5 Nc6 11. O-O b4 12. Nd5 Nxe4 13. Qc4 Be6 14. Rd1 Nd4 15.
Nxd4 Bxd5 16. Qxb4 e6 (16... Rb8 17. Qa3 Qc7 18. b4 Qb7 19. Rb1 Nxc5 20. Be3
Ne4 21. f3 Nd6 22. Bxa6 Qa8 23. Qd3 $14 {Flear,G-Conquest,S/Ostend op/1987/})
17. f3 Rb8 18. Qe1 (18. Qa3 Qh4 $1 19. Be3 (19. fxe4 Qxe4 20. Bf3 Bxd4+ 21. Kh1
Qe5 $17) 19... Be5 20. fxe4 Qxh2+ 21. Kf1 Bxe4 $40) 18... Nxc5 19. Nc6 Nd3 $1 (
19... Qb6 20. Ne7+ (20. Nxb8 $2 Nd3+ $19) 20... Kh8 21. Be3 Bxb2 22. Nxd5 exd5
23. Rab1 Rfe8 $140 24. Rxb2 Qxb2 25. Bd4+ Qxd4+ 26. Rxd4 $18) 20. Nxd8 {
Ftacnik,L} (20. Bxd3 Qb6+ 21. Be3 Qxc6 $15) (20. Nxd8 Nxe1 21. Nxe6 Bxe6 22.
Rxe1 Bxb2 23. Bxb2 Rxb2 24. Bxa6 Rxa2 25. Rxa2 Bxa2 $10) 1/2-1/2

[Event "Capablanca Memorial Premier 33rd"]
[Site "Havana"]
[Date "1998.05.07"]
[Round "1"]
[White "Siegel, Georg"]
[Black "Herrera, Irisberto"]
[Result "0-1"]
[WhiteElo "2540"]
[BlackElo "2445"]
[Annotator "Ftacnik,L"]
[PlyCount "56"]
[EventDate "1998.05.07"]
[EventType "tourn"]
[EventRounds "13"]
[EventCountry "CUB"]
[EventCategory "8"]
[SourceTitle "CBM 065"]
[Source "ChessBase"]
[SourceDate "1998.08.06"]
[SourceVersion "1"]
[SourceVersionDate "1998.08.06"]
[SourceQuality "1"]

{[%mdl 196]} 1. d4 Nf6 2. c4 g6 3. Nc3 d5 4. Nf3 Bg7 5. Qb3 dxc4 6. Qxc4 O-O 7.
e4 a6 8. e5 b5 9. Qb3 Nfd7 10. Be3 c5 11. e6 (11. Qd5 $5 Ra7 12. dxc5) 11...
cxd4 {Timman's discovery has become very popular, white is truggling to get
anything at all from the opening.} (11... c4 12. exf7+ Rxf7 13. Qd1 Nb6 14. Ne5
(14. a4 b4 15. Ne4 a5 16. Ne5 Rf8 17. Nxc4 Nd5 18. Be2 Nxe3 19. fxe3 e5 20.
Nxe5 Bb7 21. Bc4+ Kh8 22. Qg4 Bxe5 23. dxe5 Nd7 {Portisch,L-Ribli,Z/HUN-ch
Budapest/1971/1/2-1/2 (42)}) 14... Rf8 15. a4 b4 16. a5 bxc3 17. axb6 cxb2 18.
Bxc4+ Kh8 19. Rb1 Qxb6 20. Qd2 Nd7 21. Rxb2 Nxe5 22. Rxb6 Nxc4 23. Qb4 Nxb6 24.
Qxb6 a5 25. O-O a4 26. Ra1 {Karpov,A-Kamsky,G/Fide-Wch/1996/1-0 (41)}) (11...
fxe6 12. Qxe6+ Kh8 13. Qe4 cxd4 14. Nxd4 Nc5 15. Qxa8 Bb7 16. Qa7 Nbd7 17. Ne6
Qa5 18. Nxf8 Bxc3+ 19. Ke2 Qb4 20. bxc3 Qb2+ 21. Bd2 b4 22. Nxd7 {1-0 Pereyra
Arcija,D-Madina,M/Clarin GP1 Boca Juniors/1997/}) 12. Nxd4 (12. exf7+ Rxf7 13.
Bxd4 (13. Ng5 Ne5 14. Nxf7 Nxf7 15. Rd1 Nc6 16. Ne4 Na5 $44) 13... Bxd4 14.
Nxd4 Nc5 (14... Qb6 15. Nf3 Nc5 16. Qd1 Bg4 17. Be2 Nc6 18. O-O Rd8 19. Nd5 Qa7
20. b4 e6 21. bxc5 Rxd5 22. Qb1 Qxc5 23. Rc1 Qd6 {1/2-1/2 Timoshchenko,
G-Naumann,A/Cappelle la Grande op/ 1998/ (37)}) 15. Qd5 (15. Qd1 Ra7 $5 16. Nf3
Rd7 $15) (15. Qb4 $5) 15... Qxd5 16. Nxd5 Nbd7 17. b4 (17. Be2 Bb7 18. Ne3 e5 (
18... Na4 19. b3 Nc3 20. Bf3 $15) 19. Nf3 Bxf3 20. Bxf3 e4 21. Be2 Na4 22. Rb1
Ne5 23. O-O Rd7 24. Rfd1 Rad8 {1/2-1/2 Herndl,H-Balinov,I/Schwarzach opA/1997/
(50)}) (17. Rd1 Bb7 18. Ne3 e5 $11) (17. Rc1 $5) 17... Bb7 (17... Ne4 18. f3
Nef6 19. Nc7 $14) 18. Nc3 (18. Nc7 Rc8 19. Ncxb5 axb5 20. bxc5 Rxc5 $11) 18...
e5 19. Ndxb5 axb5 20. bxc5 b4 21. Nb5 {/\ Bc4} Rf4 22. Rc1 (22. Nd6 Bd5 23. Rc1
Rxa2 24. c6 Nb6 $15) 22... Re4+ 23. Kd1 Bc6 24. f3 Rf4 25. Nd6 Rxa2 {Piket,
J-Timman,J/NLD-ch/1997/0-1 (40)}) (12. exd7 dxe3 13. dxc8=Q exf2+ 14. Kxf2 Qb6+
15. Ke1 Rxc8 $44) 12... Nc5 13. exf7+ Rxf7 14. Qd5 (14. Qd1 Bb7 15. Rc1 Qd6 16.
Nf3 Bxf3 17. gxf3 Nc6 18. Qxd6 exd6 19. Rd1 Rd8 20. Bh3 Rff8 21. f4 Nb4 22. Ke2
Rfe8 23. Nd5 Nxd5 24. Rxd5 Bxb2 25. f5 {1/2-1/2 Epishin,V-Svidler,P/WCh FIDE k.
o./1997/ (44)}) 14... Qxd5 15. Nxd5 Nbd7 16. Nc7 $6 {This move has two flaws,
it obviously loses time and what is even worse it fails to win even s small
benefit.} (16. Rc1 Bb7 17. b4 Bxd5 18. bxc5 Rc8 19. Nb3 Ne5 20. f3 Nxf3+ 21.
gxf3 Rxf3 22. Bd2 Rxb3 23. axb3 Bxh1 24. Bh3 Rc6 25. Bd7 {1-0 Messner,
H-Schnitzspan,L/Bayern-chI Bank Hofmann/1997/ (47)}) 16... Ra7 $1 (16... Rb8
17. Nc6 $5 Bxb2 18. Rd1 Rb6 19. Nd8 Bc3+ 20. Ke2 Rf5 21. Nd5 Rxd5 22. Rxd5 $14)
17. Nce6 (17. Ne8 $6 Bxd4 18. Bxd4 Kf8 19. b4 Kxe8 20. bxc5 Rc7 $17) (17. Nde6
Nxe6 18. Nxe6 (18. Bxa7 $2 Nxc7 19. Rc1 Be5 $17)) 17... Nxe6 18. Nxe6 Bxb2 $1
19. Rb1 (19. Rd1 Bc3+ 20. Ke2 Ra8 21. Nc7 Rb8 22. Rc1 Bf6 23. Ba7 Rb7 24. Nxa6
Rxa7 25. Rxc8+ Rf8 $17) (19. Bxa7 $2 Bxa1 $17) 19... Bc3+ 20. Kd1 (20. Ke2 Ra8
$15) 20... Ra8 21. a4 $6 {White has lost a pawn and his pieces are
underdeveloped. One small slip will take him stright to the losing zone.} (21.
Nc7 Rb8 22. Nd5 Be5 $17) 21... Ne5 $1 (21... bxa4 $6 22. Nc7 (22. Bc4 Ne5 23.
Bd5 a5 24. Bxa8 Bxe6 $13) 22... Rb8 23. Rxb8 Nxb8 24. Bc4 e6 25. Nxe6 $13) 22.
Ng5 Rf8 23. axb5 Bf5 $1 (23... axb5 24. Bxb5 Ra2 $17) 24. Rb3 (24. f4 $2 Rfd8+
25. Ke2 Bxb1 26. fxe5 axb5 $19) 24... Rfd8+ 25. Kc1 (25. Ke2 Bd3+ 26. Kd1 Bxf1+
27. Kc2 Bxg2 $19) 25... Rac8 {Such positions appear in every black players
dreams.} 26. Rxc3 (26. bxa6 Ba1+ $1 $19) 26... Rxc3+ 27. Kb2 Rc2+ 28. Kb3 axb5
(28... axb5 29. Bxb5 Rb8 $19) 0-1

[Event "Corus"]
[Site "Wijk aan Zee"]
[Date "2003.01.18"]
[Round "6"]
[White "Bareev, Evgeny"]
[Black "Van Wely, Loek"]
[Result "0-1"]
[WhiteElo "2729"]
[BlackElo "2668"]
[Annotator "Ftacnik,L"]
[PlyCount "146"]
[EventDate "2003.01.11"]
[EventType "tourn"]
[EventRounds "13"]
[EventCountry "NED"]
[EventCategory "18"]
[SourceTitle "CBM 093"]
[Source "ChessBase"]
[SourceDate "2003.04.01"]
[SourceVersion "1"]
[SourceVersionDate "2003.04.01"]
[SourceQuality "1"]

1. d4 Nf6 2. c4 g6 3. Nc3 d5 4. Nf3 Bg7 5. Qb3 dxc4 6. Qxc4 O-O 7. e4 a6 8. Be2
b5 9. Qb3 c5 10. dxc5 Bb7 11. O-O Nxe4 12. Nxe4 Bxe4 13. Bf4 Bd5 14. Qe3 Bxb2
15. Rad1 e6 16. Nd4 Bxd4 {[%mdl 4] The whole variation with 13...Bd5 became
very topical, black seems to hold balance.} (16... Nd7 17. Bd6 Re8 18. Rd2 Bxd4
19. Rxd4 Bxa2 20. Rc1 $15) 17. Rxd4 Nc6 18. Rd2 Qf6 19. Rc1 (19. Rfd1 Rfe8 20.
Bg4 Qh4 21. h3 $13) 19... Rfe8 20. h3 e5 21. Bg5 (21. Rxd5 $6 exf4 22. Qd2 Rad8
23. Bg4 Ne5 $17) 21... Qe6 22. Bg4 (22. Bf3 Bxf3 23. Qxf3 Rac8 $15) 22... f5
23. Bd1 f4 (23... Kg7 24. Bb3 Bxb3 25. axb3 Nd4 26. b4 Kg8 $15) 24. Qc3 Nd4 (
24... Qf5 $5 25. Rxd5 Qxg5 26. Rd6 Nd4 27. Bf3 $15) 25. Bxf4 Bxa2 26. c6 (26.
Bxe5 Qxe5 27. Rxd4 Qe1+ 28. Qxe1 Rxe1+ 29. Kh2 Be6 30. Kg3 $11) 26... Bc4 27.
c7 (27. Bxe5 Nxc6 28. Bd6 Ne5 $15) 27... Qd6 (27... exf4 28. Rxd4 Qf7 29. Bf3
Rac8 30. Bc6 Rxc7 31. Bxe8 Qxe8 32. Rxf4 $16) 28. Bg3 $6 {Bareev is omitting
excellent chance to fight for some advantage with the timely 28.Bxe5!?} (28.
Bxe5 $5 Rxe5 (28... Qxe5 29. Rxd4 Qxc7 30. Bf3 Rac8 31. Bd5+ Bxd5 32. Qxc7 Rxc7
33. Rxc7 $16) 29. Rxd4 Qxc7 30. Bf3 Rf8 31. Bd5+ Rxd5 32. Rxd5 Rxf2 33. Qd4 $14
) 28... Re7 (28... Qxc7 29. Qxd4 exd4 30. Bxc7 d3 31. Bf3 Rac8 32. Ba5 $16) 29.
Qa5 $2 (29. Bxe5 Qxe5 30. Rxd4 Qxc7 31. Bb3 Rc8 32. Qb4 Rce8 33. Bxc4+ bxc4 34.
Rdxc4 Re1+ 35. Rxe1 Rxe1+ 36. Qxe1 Qxc4 37. Qe8+ $11) 29... Rc8 30. Bg4 Rcxc7
31. Rcd1 Nb3 (31... Qc5 32. Qxa6 $1 (32. Bxe5 Qxe5 33. Rxd4 Kg7 $17) 32... Kg7
33. Rxd4 exd4 34. Bxc7 Rxc7 35. Qa1 $15) 32. Rxd6 Nxa5 33. Bh4 Rf7 34. Rxa6 Nc6
35. Rd6 Nb4 36. Ra8+ Kg7 37. Bg3 (37. Bf3 Rc5 38. Rad8 Nc2 $15) 37... Nd3 38.
Rxd3 $5 (38. Bf3 Rcd7 39. Rxd7 Rxd7 $17) 38... Bxd3 39. Bxe5+ Kh6 40. Rd8 $6 {
It makes sense to try bothering the exposed king on h6, but exchage for black
is sufficient compensation for his suffering. It was better to simply take
back material on c7.} (40. Bxc7 Rxc7 41. Rb8 Rc2 $15) 40... Rce7 41. Bd6 Re1+
42. Kh2 Bf5 43. Bb4 Re6 44. Bd1 (44. Bd2+ g5 45. Bxf5 Rxf5 46. h4 Rxf2 47. Rd5
Kg6 $19) 44... Rc6 45. Bb3 (45. Be2 Rc8 46. Bd2+ Kg7 47. Rxc8 Bxc8 48. Bc3+ Kg8
49. Bxb5 Rxf2 $17) (45. Bd2+ Kg7 46. Be2 Rd7 47. Rxd7+ Bxd7 48. Bxb5 Rc2 49.
Bc3+ Rxc3 50. Bxd7 Kf6 $17) 45... Be6 (45... Rd7 46. Rb8 Bd3 47. f4 $15) 46.
Bd2+ Kg7 47. Bxe6 Rxe6 48. Bc3+ Kh6 49. f4 (49. Bd2+ g5 (49... Kh5 $2 50. Rd5+
Rf5 51. g4+ $18) 50. Be3 Rb7 51. Rd5 b4 52. Bxg5+ Kg6 53. Be3 b3 54. Rd1 b2 55.
Rb1 Kf5 56. Bd4 Re2 $19) 49... Rc6 (49... g5 50. fxg5+ Kxg5 51. Rd5+ Rf5 52.
Rd7 h6 $19) 50. Bd4 g5 $1 {The dreams about hurting black king are over,
Bareev will have to suffer technical realization of the advantage.} 51. fxg5+
Kxg5 52. Rb8 Rf5 53. Rg8+ Rg6 (53... Kh6 $2 54. Be3+ Kh5 55. g4+ $18) 54. Rh8
h5 55. Kg3 Rd5 (55... Re6 56. Rg8+ Kh6 57. Rh8+ Kg6 58. Rg8+ Kf7 59. Rg7+ Ke8
$19) 56. Be3+ Kf6+ 57. Kf3 Kg7 58. Rb8 Re6 59. Bf4 (59. Kf4 Rd1 60. Bc5 Rf1+
61. Kg3 Rg6+ 62. Kh2 Rb1 $19) 59... Rd3+ 60. Kf2 Rb3 61. Rd8 Re4 62. Bd2 Kf6
63. Rf8+ Ke6 64. Rh8 Re5 65. Bf4 Rf5 66. g3 Rc5 67. Be3 (67. Rh6+ Kf7 68. Rh7+
Kg6 69. Rh6+ Kg7 70. Re6 h4 $19) 67... Rf5+ 68. Bf4 b4 69. Ke2 Ra5 $1 70. Rh6+
Kf7 71. Kd2 Ra2+ 72. Kc1 Rf3 73. Kb1 b3 0-1

[Event "Tan Chin Nam Cup 5th"]
[Site "Shenyang"]
[Date "1999.07.11"]
[Round "4"]
[White "Zhu, Chen"]
[Black "Krasenkow, Michal"]
[Result "0-1"]
[WhiteElo "2503"]
[BlackElo "2647"]
[Annotator "Ftacnik,L"]
[PlyCount "70"]
[EventDate "1999.07.08"]
[EventType "tourn"]
[EventRounds "9"]
[EventCountry "CHN"]
[EventCategory "13"]
[SourceTitle "CBM 073"]
[Source "ChessBase"]
[SourceDate "1999.12.01"]
[SourceVersion "1"]
[SourceVersionDate "1999.12.01"]
[SourceQuality "1"]

1. d4 Nf6 2. Nf3 g6 3. c4 Bg7 4. Nc3 d5 5. Qb3 dxc4 6. Qxc4 O-O 7. e4 Na6 8.
Be2 c5 9. d5 e6 10. O-O exd5 11. exd5 Re8 12. Rd1 Qb6 13. Qh4 $5 $146 {[%mdl 4]
Very interesting novelty, white toys with the idea of exerting pressure on the
kingside in combination with the push of the d pawn.} Nb4 (13... Bf5 14. Bb5
Red8 $13) 14. Bg5 Rxe2 $5 (14... Nbxd5 $2 15. Nxd5 Nxd5 16. Rxd5 Qxb2 (16...
Rxe2 17. Rd8+ Bf8 18. Bh6 $18) 17. Re1 Qxa2 18. Bc4 Rxe1+ 19. Nxe1 Qa1 20. Rd8+
Bf8 21. Bh6 Qxe1+ 22. Bf1 Be6 23. Rxa8 $18) (14... Nc2 15. Rac1 Nd4 (15... Qxb2
16. Bxf6 $18) 16. Nxd4 cxd4 17. Qxd4 Qxd4 18. Rxd4 Nxd5 19. Rxd5 Bxc3 20. Rxc3
Rxe2 21. Rd8+ Kg7 22. Kf1 $18) 15. Nxe2 Nbxd5 16. Rd2 Be6 (16... Bg4 17. Ne5
$16) 17. Rad1 Re8 18. h3 (18. Nf4 $5 Nxf4 19. Bxf6 Bxf6 20. Qxf6 Nh5 21. Qe5 f6
22. Qe3 $16) 18... Qc6 {Unfortunatelly for black his exchange sacrifice has
limited the danger, but has not given him enough counterplay.} (18... Qb4 19.
Qxb4 Nxb4 20. Rd8 Kf8 21. a3 $16) 19. Ne5 Qc7 20. Nc4 h5 (20... b5 21. Ne3 Nxe3
22. fxe3 Qe5 23. Rd8 $16) 21. Nf4 $1 b5 (21... Nxf4 22. Bxf4 Qc6 23. Nd6 Ra8
24. Be5 $18) 22. Bxf6 Qxf4 $1 (22... Bxf6 $2 23. Nxd5 Bxd5 24. Qxf6 Bxc4 25.
Rd8 $18) (22... Nxf6 23. Nd6 Rb8 24. Nxe6 fxe6 25. Qg5 $18) 23. Qxf4 Nxf4 24.
Rd8 (24. Bxg7 Kxg7 (24... Bxc4 25. Bf6 Kf8 26. Rd8 Ne6 (26... Ne2+ 27. Kh2 Nd4
28. Rxe8+ Kxe8 29. b3 $18) 27. Rxe8+ Kxe8 28. b3 $18) 25. Nd6 Rb8 26. Rc1 c4
27. Kf1 $14) (24. Nd6 Rb8 25. Bxg7 Kxg7 26. Rc1 c4 27. Kf1 $14) 24... Rxd8 25.
Rxd8+ Kh7 26. Bxg7 Kxg7 27. Nd6 b4 (27... Bxa2 28. Nxb5 $16) 28. a4 (28. b3
Ne2+ 29. Kf1 Nc3 30. Nb7 Nxa2 31. Nxc5 $16) 28... c4 29. Ne4 Nd3 30. b3 $1 Bf5
31. Ng3 $2 {Zhu Chen have played excellent game, but here she slips into the
inferior endgame. Instead 31.bxc4! would enable her to benefit from the
positional achievements.} (31. Nd6 c3) (31. bxc4 $1 Bxe4 32. f3 Bf5 (32... b3
33. fxe4 b2 34. Rb8 a5 35. Rb3 Kf6 36. c5 Nxc5 37. Rxb2 $18) 33. g4 hxg4 34.
hxg4 b3 35. gxf5 b2 36. Rb8 a5 37. Rb3 gxf5 38. c5 Nxc5 39. Rxb2 Nxa4 40. Ra2
Nc3 41. Rxa5 $16) 31... c3 32. Nxf5+ gxf5 33. Rc8 (33. Rxd3 c2 $19) 33... Nc1
$1 34. Kf1 (34. a5 Nxb3 35. a6 Nd4 36. f4 c2 37. Kf2 b3 $19) 34... Nxb3 35. Ke2
(35. Ke1 Nd2 36. Kd1 b3 37. Rb8 b2 38. Kc2 Kf6 $19) 35... c2 0-1